000 00807nam a2200229 i 4500
001 189816
003 ES-MaACL
005 20250604062636.0
008 191128s1967 sp |||| | spa d
100 0 _aPetrie, Charles.
_991541
245 1 0 _aAlfonso XIII y su tiempo /
_cCharles Petrie ; [traducción Araceli Guez] ; prólogo y notas de José Ramón Alonso.
260 _aBarcelona :
_bDima,
_c1967.
300 _a258 p. ;
_c23 cm.
490 1 _aColección "Nuestros días" ;
_v7
600 0 4 _aAlfonso
_bXIII,
_cRey de España
_9235132
651 4 _aEspaña-
_xHistoria-
_y1902-1931, Alfonso XIII
_98276
700 1 _aGuez, Araceli.
_9168928
700 0 _aAlonso, José Ramón.
_920217
830 0 _aColección "Nuestros días" ;
_v7
_9193408
852 _aES-MaACL
_jP-1091-7
999 _c189816
_d189816